Catalysis and enzyme action

-д хадгалсан:
Номзүйн дэлгэрэнгүй
Үндсэн зохиолчид: Bender, Myron L (Зохиогч), Brubacher, Lewis (Зохиогч)
Формат: Ном
Хэл сонгох:англи
Хэвлэсэн: Nueva York McGraw-Hill 1973
Нөхцлүүд:
Шошгууд: Шошго нэмэх
Шошго байхгүй, Энэхүү баримтыг шошголох эхний хүн болох!

MARC

LEADER 00000nam a2200000 a 4500
001 UCR4976
003 CL-VaPUC
008 980320e19730000US |||||||||||||||||eng|d
082 0 4 |a 541.395  |b BEN  |2 21 
100 |a Bender, Myron L  |e author  |9 375462 
700 0 |a Brubacher, Lewis  |e author  |9 405623 
245 1 0 |a Catalysis and enzyme action 
300 |a 212 p 
942 |c BK 
945 |d 19980320 00:00:00  |a crobeson 
260 |a Nueva York  |b McGraw-Hill  |c 1973 
650 0 |a Catálisis  |9 259915 
650 0 |a Enzimas  |9 262984 
583 |a last modification  |c 19980320 00:00:00  |k Rodrigo Vera 
999 |c 267751  |d 267749 
952 |0 0  |1 0  |4 0  |6 541_395000000000000_BEN_1973  |7 0  |8 A  |9 300264  |a BIBALI  |b BIBALI  |c GEN  |d 2019-11-20  |i 1969064  |l 1  |o 541.395 BEN 1973  |p 1969064  |r 2025-01-20  |s 2024-05-24  |w 2019-11-20  |y BK  |k ALI